The life of Mahler

As a leading European conductor and the composer of enormous and controversial symphonies, Gustav Mahler (1860-1911) inspired mythologizers in his own lifetime. Some of them were personal friends, concerned with countering biased criticism of him in which German-nationalist, hide-bound traditionalis...

全面介紹

Đã lưu trong:
書目詳細資料
主要作者: Franklin, Peter
格式: 圖書
語言:Undetermined
出版: Cambridge Cambridge University Press 1997
主題:
標簽: 添加標簽
沒有標簽, 成為第一個標記此記錄!
Thư viện lưu trữ: Trung tâm Học liệu Trường Đại học Cần Thơ
LEADER 01294nam a2200229Ia 4500
001 CTU_166914
008 210402s9999 xx 000 0 und d
020 |c 36.65 
082 |a 780.92 
082 |b F831 
100 |a Franklin, Peter 
245 4 |a The life of Mahler 
245 0 |c Peter Franklin 
260 |a Cambridge 
260 |b Cambridge University Press 
260 |c 1997 
520 |a As a leading European conductor and the composer of enormous and controversial symphonies, Gustav Mahler (1860-1911) inspired mythologizers in his own lifetime. Some of them were personal friends, concerned with countering biased criticism of him in which German-nationalist, hide-bound traditionalist or anti-Semitic elements were often mixed. In this new biography, Peter Franklin reconfronts the myth of Mahler-the-misunderstood-hero and attempts to find the person, or persons, behind the legends. His illuminating biography shows Mahler to be a profoundly sensitive thinker and composer, a dictatorial conductor and husband, an iconoclast and paradoxically, a traditionalist. 
650 |a Composers,Nhà soạn nhạc 
650 |x Biography,Tiểu sử 
650 |z Austria,Áo 
904 |i Be Hai, Trọng Hiếu 
980 |a Trung tâm Học liệu Trường Đại học Cần Thơ